Animaux d’antarctiques - Statistiques

Statistiques générales
  • Ce quiz a été pris 18 fois
  • Le résultat moyen est 4 sur 9
Statistiques - réponses
Par images Réponse % Correct
Orque
100%
Baleine à bosse
78%
Manchot empereur
67%
Rorqual
28%
Leopard de mer
22%
Albatros hurleur
17%
Gorfou
17%
Sterne arctique
17%
Albatros à sourcils noirs
11%
Aucun quiz correspondant
Distribution des résultats
% des personnes avec chaque résultat
Percentile par nombre de réponses
Votre historique - résultats
Vous n’avez pas pris ce quiz